| 000 | 01217nmc a2200397 a 4500 | ||
|---|---|---|---|
| 003 | AR-BaBNM | ||
| 005 | 20251128205357.0 | ||
| 008 | 011101s1993 ||||||||||||||000 | spa|| | ||
| 020 | _a84-7774-092-5 | ||
| 040 | _cAR-BaBNM | ||
| 100 | 1 | _aWertsch, James V. | |
| 245 | 1 | 0 |
_aVoces de la mente _bun enfoque sociocultural para el estudio de la acción mediada |
| 260 |
_aMadrid _bVisor _c1993 |
||
| 300 | 0 | _a185 p. | |
| 490 | 0 |
_aAprendizaje _vv. 92 |
|
| 500 | 0 | _aIndice de autores: p. 181-182 | |
| 500 | 0 | _aIndice temático: p. 183-185 | |
| 504 | _aBibliografía: p. 171-180 | ||
| 600 | 1 | 4 |
_aVigotsky, Liev Semiónovich _d1896-1934 |
| 600 | 1 | 4 | _aBajtin, Mijail |
| 650 | 4 | _aDESARROLLO MENTAL | |
| 650 | 4 | _aSOCIOLOGIA DE LA EDUCACION | |
| 650 | 4 | _aPSICOLOGIA DE LA EDUCACION | |
| 650 | 4 | _aTEORIAS DEL APRENDIZAJE | |
| 650 | 4 | _aSOCIALIZACION | |
| 651 | 4 | _aURSS | |
| 651 | 4 | _aEuropa Oriental | |
| 653 | 0 | _aPSICOLOGIA COGNITIVA | |
| 700 | 1 |
_aRamírez Garrido, Juan Daniel _eprologuista |
|
| 700 | 1 |
_aSilvestri, Adriana _etraductor |
|
| 700 | 1 |
_aRamírez, Juan Daniel _erevisión |
|
| 800 | 1 |
_aAlvarez, Amelia _edirector |
|
| 800 | 1 |
_aDel Río, Pablo _edirector |
|
| 942 | _cBK | ||
| 998 | _csilvi | ||
| 999 |
_c11162 _d11162 |
||